Early tide / (Record no. 103637)
[ view plain ]
| 000 -LEADER | |
|---|---|
| fixed length control field | 00584nam a2200193 a 4500 |
| 005 - DATE AND TIME OF LATEST TRANSACTION | |
| control field | 20140412111305.0 |
| 008 - FIXED-LENGTH DATA ELEMENTS--GENERAL INFORMATION | |
| fixed length control field | 000823s19uu xx 00 eng d |
| 020 ## - INTERNATIONAL STANDARD BOOK NUMBER | |
| International Standard Book Number | 0-8332-2526-X |
| 050 ## - LIBRARY OF CONGRESS CALL NUMBER | |
| Classification number | M 428.6 |
| Item number | M11 1986 |
| 100 ## - MAIN ENTRY--PERSONAL NAME | |
| Personal name | Matteoni, Louise |
| 245 ## - TITLE STATEMENT | |
| Title | Early tide / |
| Statement of responsibility, etc | Louise Matteoni, Floyd Sucher, Marvin Klein, Karen Welch. |
| 260 ## - PUBLICATION, DISTRIBUTION, ETC. (IMPRINT) | |
| Place of publication, distribution, etc | Oklahoma City : |
| Name of publisher, distributor, etc | The Economy Comp, |
| Date of publication, distribution, etc | 1986. |
| 300 ## - PHYSICAL DESCRIPTION | |
| Extent | 80 p. |
| 440 ## - SERIES STATEMENT/ADDED ENTRY--TITLE | |
| Title | Economy Reading Series - Level D (PP2) |
| 650 ## - SUBJECT ADDED ENTRY--TOPICAL TERM | |
| Topical term or geographic name as entry element | Reading--Study and teaching |
| 650 ## - SUBJECT ADDED ENTRY--TOPICAL TERM | |
| Topical term or geographic name as entry element | Childrens literature |
| Withdrawn status | Lost status | Damaged status | Home library | Current library | Shelving location | Date acquired | Source of acquisition | Total Checkouts | Full call number | Barcode | Date last seen | Price effective from | Koha item type |
|---|---|---|---|---|---|---|---|---|---|---|---|---|---|
| Elizalde Library | Elizalde Library | Main Section | 08/23/2000 | M 428.6 M11 1986 | E5645 | 04/12/2014 | 04/12/2014 | Books | |||||
| Elizalde Library | Elizalde Library | Main Section | 05/17/2005 | M 428.6 M11 1986 | E3386 | 04/12/2014 | 04/12/2014 | Books |